书目信息 |
| 题名: |
辽宁省生态公益林资源及其生态系统服务动态监测与评估
|
|
| 作者: | 王兵 , 赵博 , 牛香 著 | |
| 分册: | ||
| 出版信息: | 北京 中国林业出版社 2018 |
|
| 页数: | 193页 | |
| 开本: | 29cm | |
| 丛书名: | “中国森林生态系统连续观测与清查及绿色核算”系列丛书 | |
| 单 册: | ||
| 中图分类: | S727.9 | |
| 科图分类: | ||
| 主题词: | 公益林--gong yi lin--生态系统--服务功能--研究--辽宁省 | |
| 电子资源: | ||
| ISBN: | 978-7-5038-9757-3 | |
| 000 | 01441nam 2200325 450 | |
| 001 | 012001003587 | |
| 005 | 20140102141638.0 | |
| 010 | @a978-7-5038-9757-3@dCNY98.00 | |
| 099 | @aCAL 012019062972 | |
| 100 | @a20190509d2018 ekmy0chiy50 ea | |
| 101 | 0 | @achi |
| 102 | @aCN@b110000 | |
| 105 | @aabk a 000yy | |
| 106 | @ar | |
| 200 | 1 | @a辽宁省生态公益林资源及其生态系统服务动态监测与评估@Aliao ning sheng sheng tai gong yi lin zi yuan ji qi sheng tai xi tong fu wu dong tai jian ce yu ping gu@f王兵 ... 等著 |
| 210 | @a北京@c中国林业出版社@d2018 | |
| 215 | @a193页@c彩图, 地图@d29cm | |
| 225 | 2 | @a“中国森林生态系统连续观测与清查及绿色核算”系列丛书@A“ zhong guo sen lin sheng tai xi tong lian xu guan ce yu qing cha ji lv se he suan ” xi lie cong shu@v10 |
| 304 | @a题名页题: 王兵, 赵博, 牛香, 祁爽等著 | |
| 320 | @a有书目 (第170-177页) | |
| 330 | @a本书充分反映了辽宁省生态公益林的生态服务功能,准确量化了森林生态系统服务功能的物质量和价值量真实反映了林业的地位于作用、林业发展与成就,为森林生态连清提供有效的数据支撑。 | |
| 333 | @a本书适用于生态环境领域从业人员 | |
| 410 | 0 | @12001 @a“中国森林生态系统连续观测与清查及绿色核算”系列丛书@v10 |
| 606 | 0 | @a公益林@Agong yi lin@x生态系统@x服务功能@x研究@y辽宁省 |
| 690 | @aS727.9@v5 | |
| 701 | 0 | @a王兵@Awang bing@4著 |
| 701 | 0 | @a赵博@Azhao bo@4著 |
| 701 | 0 | @a牛香@Aniu xiang@4著 |
| 801 | 0 | @aCN@b北京卓展@c20191020 |
| 905 | @b1212199-202@dS727.9@e142@f4 | |
| 辽宁省生态公益林资源及其生态系统服务动态监测与评估/王兵 ... 等著.-北京:中国林业出版社,2018 |
| 193页:彩图, 地图;29cm.-(“中国森林生态系统连续观测与清查及绿色核算”系列丛书;10) |
| 使用对象:本书适用于生态环境领域从业人员 |
| ISBN 978-7-5038-9757-3:CNY98.00 |
| 本书充分反映了辽宁省生态公益林的生态服务功能,准确量化了森林生态系统服务功能的物质量和价值量真实反映了林业的地位于作用、林业发展与成就,为森林生态连清提供有效的数据支撑。 |
| ● |
| 相关链接 |
|
|
|
|
正题名:辽宁省生态公益林资源及其生态系统服务动态监测与评估
索取号:S727.9/142
 
预约/预借
| 序号 | 登录号 | 条形码 | 馆藏地/架位号 | 状态 | 备注 |
| 1 | 1212199 | 212121997 | 第二样本阅览室/ [索取号:S727.9/142] | 在馆 | |
| 2 | 1212200 | 212122004 | 第三借阅区/ [索取号:S727.9/142] | 在馆 | |
| 3 | 1212201 | 212122013 | 第三借阅区/ [索取号:S727.9/142] | 在馆 | |
| 4 | 1212202 | 212122022 | 第三借阅区/ [索取号:S727.9/142] | 在馆 |